1833 1482 1228 1215 1846 1756 1925 1214 1242 1149 1925 1974 1236 1278 1570 1700 1150 1548 1613 1297 1078 1410 1096 1342 1917 1704 1120 1010 1832 1712 1813 1803 1592 1342 1114 1664 1694 1196 1698 1128 1029 1455 1508 1507 1755 1741 1629 1530 1895 1426 1513 1202 1163 1997 1937 1474 1956 1115 1395 1804 1841 1718 1087 1692 1121 1991 1207 1841 1591 1231 1961 1493 1635 1381 1231 1180 1729 1542 1146 1798 1352 1901 1981 1930 1578 1098 1867 1455 1199 1531 1020 1503 1610 1566 1280 1023 1151 1191 1665 BCNSPRNW ULIB Ver.6.0+V

เปลี่ยนเป็นภาษาไทย

Change to English
 แสดงรายละเอียดบรรณานุกรม
  กลับหน้าหลัก

Brief Record : Get Marc (ISO 2709) : E-mail record : QR code < ปิดหน้าต่าง
LEADER : 00000nam 2200000uu 4500
001    13399127189
003     ULIB
008    191021s2562||||th 000 0 tha d
020 ^- ^a9786163883353
050 ^- ^aนว.^bช682ก
100 ^- ^aชูวงศ์ ฉายะจินดา.
245 10 ^aกามเทพหลงทาง /^cชูวงศ์ ฉายะจินดา.
250 ^- ^aพิมพ์ครั้งที่ 9.
260 ^- ^aกรุงเทพฯ :^bแสงดาว,^c2562
300 ^- ^a192 หน้า.
945    ^p150^l0^i27881
999    ^aกัณชพร จุลอักษร
รายการนี้ยังไม่มีแท็ก
คุณยังไม่ได้ล็อกอิน คุณสามารถมีกิจกรรมร่วมกับเว็บไซต์ได้ แต่ต้องล็อกอินก่อน ::
  ล็อกอิน

รายการสื่อสารสนเทศ

ลำดับที่ ประเภท เลขเรียก/บาร์โค้ด สถานที่ สถานะ
1. วิทยาศาสตร์การแพทย์ และสุขภาพ
วิทยาศาสตร์การแพทย์ และสุขภาพ
นว. ช682ก ฉ.1 
  Barcode: 27881
ห้องสมุดวิทยาเขตนครสวรรค์
►นวนิยาย:l:Fiction
บนชั้น

รายการใกล้เคียง
    ผู้แต่ง [ชูวงศ์ ฉายะจินดา.]

BibComment


ยังไม่เคยถูกคอมเมนท์

คอมเมนท์ทรัพยากรรายการนี้
  คอมเมนท์: กามเทพหลงทาง ชู..


 Copyright 2026. Bcnsprnw @Library